[Event "Waikato Open 2017"]
[Site "Hamilton NZL"]
[Date "2017.08.13"]
[Round "5"]
[White "Ang, Alphaeus Wei Ern"]
[Black "Hague, Ben"]
[Result "0-1"]
[WhiteElo "2141"]
[BlackElo "2326"]
[PlyCount "70"]
[EventDate "2017.08.11"]

1. d4 Nf6 2. c4 e6 3. Nc3 Bb4 4. f3 c5 5. a3 Bxc3+ 6. bxc3 d6 7. e4 Nc6 8. Be3
b6 9. Bd3 Na5 10. f4 O-O 11. e5 Ne8 12. Nf3 f5 13. g4 Ba6 14. gxf5 exf5 15. Qe2
d5 16. Ng5 Nc7 17. Qh5 h6 18. Nf3 Nxc4 19. Bf2 Qe8 20. Qh3 Ne6 21. Bg3 Nxe5 22.
Nxe5 Bxd3 23. Kf2 Be4 24. Rhd1 cxd4 25. cxd4 Rc8 26. Rac1 Qa4 27. Ng6 Rxc1 28.
Rxc1 Qxd4+ 29. Kf1 Qd3+ 30. Ke1 Qe3+ 31. Kd1 Bf3+ 32. Kc2 Rc8+ 33. Kb2 Qxc1+
34. Kb3 Qc2+ 35. Kb4 Qc4# 0-1

[Event "Waikato Open 2017"]
[Site "Hamilton NZL"]
[Date "2017.08.13"]
[Round "5"]
[White "Smith, Robert W"]
[Black "Bennett, Hilton P"]
[Result "1/2-1/2"]
[WhiteElo "2255"]
[BlackElo "1900"]
[PlyCount "116"]
[EventDate "2017.08.11"]

1. e4 d6 2. d4 g6 3. c4 Bg7 4. Nc3 Nf6 5. g3 O-O 6. Bg2 c6 7. Nge2 e5 8. O-O
Nbd7 9. h3 Nb6 10. b3 exd4 11. Nxd4 d5 12. exd5 cxd5 13. c5 Nbd7 14. Ba3 Ne5
15. Rc1 Nc6 16. Ncb5 Ne4 17. Bb2 a6 18. Nxc6 bxc6 19. Bxg7 Kxg7 20. Nd4 Bd7 21.
Qc2 Qf6 22. Rcd1 Rfe8 23. Kh2 g5 24. b4 h5 25. Qc1 h4 26. g4 Qe5+ 27. f4 Qb8
28. Kg1 Qxb4 29. fxg5 Qxc5 30. Qf4 Be6 31. Bxe4 dxe4 32. Qf6+ Kg8 33. Rc1 Qd6
34. Nf5 Qf8 35. g6 Bxf5 36. Rxf5 fxg6 37. Qxg6+ Qg7 38. Qh5 Qd4+ 39. Kh1 Re7
40. Qg6+ Qg7 41. Qxc6 Rd8 42. Qc4+ Rf7 43. Rcf1 Rdf8 44. Qd5 Qc3 45. Rg5+ Kh8
46. Rh5+ Kg8 47. Qg5+ Qg7 48. Rxf7 Rxf7 49. Qd8+ Qf8 50. Rg5+ Kh7 51. Rh5+ Kg8
52. Qg5+ Qg7 53. Qd5 Qa1+ 54. Kh2 Qb2+ 55. Kh1 Qc1+ 56. Kh2 Qf4+ 57. Kh1 Qf3+
58. Kg1 Qf2+ 1/2-1/2

[Event "Waikato Open 2017"]
[Site "Hamilton NZL"]
[Date "2017.08.13"]
[Round "5"]
[White "Hart, Ralph"]
[Black "Steadman, Michael V R"]
[Result "1-0"]
[WhiteElo "2142"]
[BlackElo "2194"]
[PlyCount "69"]
[EventDate "2017.08.11"]

1. e4 e6 2. d4 d5 3. Nc3 Nf6 4. exd5 exd5 5. Bd3 Nc6 6. Nf3 Bg4 7. Be3 h6 8. h3
Be6 9. O-O Bd6 10. Re1 Qd7 11. Bb5 a6 12. Ne5 Bxe5 13. dxe5 Ng8 14. Bxc6 Qxc6
15. Ne2 Ne7 16. Nd4 Qd7 17. Nxe6 Qxe6 18. Bc5 b6 19. Bxe7 Kxe7 20. Qd3 c5 21.
f4 g6 22. f5 gxf5 23. Rf1 Rhg8 24. Rxf5 Rg5 25. Raf1 Rxf5 26. Rxf5 Rg8 27. Qf3
Rg5 28. Rf6 Qxe5 29. Rxf7+ Ke6 30. Rf8 Qe1+ 31. Kh2 Qe5+ 32. g3 Qg7 33. Qe3+
Kd6 34. Rd8+ Kc7 35. Qe8 1-0

[Event "Waikato Open 2017"]
[Site "Hamilton NZL"]
[Date "2017.08.13"]
[Round "5"]
[White "Dare, Richard J"]
[Black "Polishchuk, Kirill"]
[Result "1/2-1/2"]
[WhiteElo "1890"]
[BlackElo "2132"]
[PlyCount "127"]
[EventDate "2017.08.11"]

1. e4 Nc6 2. Nc3 e6 3. Nf3 d5 4. d4 Nf6 5. e5 Ne4 6. Bd3 Bb4 7. Bd2 Nxd2 8.
Qxd2 Ne7 9. a3 Bxc3 10. Qxc3 Ng6 11. g3 Bd7 12. h4 Rc8 13. b4 a6 14. a4 a5 15.
O-O axb4 16. Qxb4 b6 17. Rfb1 Qe7 18. c3 O-O 19. Bxg6 Qxb4 20. Bxh7+ Kxh7 21.
cxb4 Ra8 22. a5 Bb5 23. Rc1 c6 24. axb6 Rab8 25. Ra7 Rxb6 26. Rca1 Bd3 27. R1a3
Bf5 28. Ng5+ Kg6 29. R3a4 f6 30. Nf3 Bc2 31. R4a6 Rxb4 32. Rxc6 Rb1+ 33. Kg2
Be4 34. Ra3 Rfb8 35. exf6 gxf6 36. g4 R8b3 37. Rc3 Rxa3 38. Rxa3 Rd1 39. Kg3
Bxf3 40. Rxf3 Rxd4 41. Re3 e5 42. f3 Rd1 43. Kf2 d4 44. Re4 Rd2+ 45. Re2 Rd1
46. Re1 Rd3 47. Ke2 Re3+ 48. Kf2 Ra3 49. Re2 Ra1 50. Re1 Ra5 51. f4 exf4 52.
Rd1 Rd5 53. Rd3 f5 54. Kf3 fxg4+ 55. Kxg4 f3 56. Rxf3 d3 57. Rf1 Rd4+ 58. Kf3
Rxh4 59. Ke3 Rh3+ 60. Kd2 Kg5 61. Rf8 Kg4 62. Rd8 Kf4 63. Rxd3 Rxd3+ 64. Kxd3
1/2-1/2

[Event "Waikato Open 2017"]
[Site "Hamilton NZL"]
[Date "2017.08.13"]
[Round "5"]
[White "Marko, Helmut S"]
[Black "Spain, Graeme A"]
[Result "1/2-1/2"]
[WhiteElo "1935"]
[BlackElo "2217"]
[PlyCount "67"]
[EventDate "2017.08.11"]

1. Nf3 d5 2. c4 c6 3. e3 Nf6 4. Nc3 a6 5. a3 Bf5 6. d4 e6 7. h3 h6 8. cxd5 exd5
9. Bd3 Bxd3 10. Qxd3 Be7 11. O-O Nbd7 12. b4 O-O 13. Bb2 Re8 14. Nd2 Rc8 15.
Rac1 Bd6 16. e4 dxe4 17. Ncxe4 Nxe4 18. Nxe4 Nf6 19. Nxf6+ Qxf6 20. Rce1 Bb8
21. Re3 Rxe3 22. Qxe3 Qf4 23. Qxf4 Bxf4 24. g3 Bg5 25. Rd1 Bf6 26. Bc1 Rd8 27.
Be3 Kf8 28. Kg2 Rd5 29. Kf3 Ke7 30. Ke4 Kd7 31. Rb1 h5 32. f4 g6 33. g4 Ke6 34.
a4 1/2-1/2

[Event "Waikato Open 2017"]
[Site "Hamilton NZL"]
[Date "2017.08.13"]
[Round "5"]
[White "Punsalan, Vyanla M"]
[Black "Li, Shenyue (Sherry)"]
[Result "0-1"]
[WhiteElo "1854"]
[BlackElo "2038"]
[PlyCount "86"]
[EventDate "2017.08.11"]

1. e4 c5 2. c3 d5 3. exd5 Qxd5 4. d4 Nf6 5. Nf3 e6 6. Be2 cxd4 7. cxd4 Nc6 8.
O-O Be7 9. Bf4 O-O 10. Nc3 Qa5 11. a3 Nd5 12. Bd2 Rd8 13. Bc4 Qb6 14. Na4 Qc7
15. Rc1 Bf6 16. Re1 Nde7 17. Bc3 Qf4 18. g3 Qb8 19. Nc5 Nf5 20. d5 Be7 21. dxe6
Rxd1 22. exf7+ Kf8 23. Rcxd1 Nd6 24. Rxd6 Qxd6 25. Ng5 Bf5 26. Nce6+ Bxe6 27.
Nxe6+ Kxf7 28. Nxg7+ Kg6 29. h4 Bf6 30. Re6 Qxe6 31. Nxe6 Bxc3 32. bxc3 Ne5 33.
Bd5 Rc8 34. Nf4+ Kg7 35. Bxb7 Rxc3 36. a4 Rb3 37. Ne6+ Kf6 38. Nc5 Rb4 39. a5
Nd3 40. Ne4+ Ke5 41. f4+ Kf5 42. a6 Rxe4 43. Bxe4+ Kxe4 {Both scoresheeets are
ilegible from here...Black eventually won after about move 50.} 0-1

[Event "Waikato Open 2017"]
[Site "Hamilton NZL"]
[Date "2017.08.13"]
[Round "5"]
[White "Gibbons, Robert E"]
[Black "Seabrook, Roy"]
[Result "1-0"]
[WhiteElo "1950"]
[BlackElo "1814"]
[PlyCount "115"]
[EventDate "2017.08.11"]

1. f4 Nf6 2. Nf3 e6 3. e3 b6 4. Be2 Be7 5. O-O O-O 6. d3 Bb7 7. e4 d6 8. b3
Nbd7 9. Bb2 e5 10. fxe5 dxe5 11. Nxe5 Nxe5 12. Bxe5 Re8 13. Bb2 Bc5+ 14. Kh1
Qe7 15. Nd2 Rad8 16. Bf3 h6 17. Qe2 Nd5 18. Rae1 Ne3 19. Nc4 Nxf1 20. Rxf1 Qg5
21. Bc1 Qh4 22. Ne3 Bd6 23. g3 Qe7 24. Nf5 Qe6 25. Bg4 Qe5 26. c4 Qa5 27. Bh5
Rd7 28. Qg4 Bf8 29. Nxh6+ Kh8 30. Qxd7 Rxe4 31. Nxf7+ Kg8 32. Nh6+ Kh7 33. Qf5+
Qxf5 34. Nxf5 Re2+ 35. Bf3 Bxf3+ 36. Rxf3 Re1+ 37. Kg2 Rxc1 38. d4 Ra1 39. Ne3
Rxa2+ 40. Rf2 Rxf2+ 41. Kxf2 Kg6 42. Kf3 Bd6 43. h4 Kf6 44. g4 g6 45. g5+ Ke6
46. Ng2 c5 47. d5+ Kf5 48. Ne3+ Ke5 49. Kg4 Ke4 50. Ng2 b5 51. h5 gxh5+ 52.
Kxh5 bxc4 53. bxc4 Bf8 54. Kg6 Be7 55. Kh6 Bf8+ 56. Kh7 Kd4 57. g6 Kxc4 58. d6
1-0

[Event "Waikato Open 2017"]
[Site "Hamilton NZL"]
[Date "2017.08.13"]
[Round "5"]
[White "Van den Heuvel, Arnold"]
[Black "Nolan, Graham"]
[Result "1/2-1/2"]
[WhiteElo "1828"]
[BlackElo "1663"]
[PlyCount "41"]
[EventDate "2017.08.11"]

1. d4 Nf6 2. Nf3 g6 3. Bf4 d6 4. Nbd2 c5 5. c3 cxd4 6. cxd4 Bg7 7. e3 Bg4 8.
Be2 O-O 9. h3 Bxf3 10. Bxf3 Nbd7 11. O-O Rc8 12. Rc1 Rxc1 13. Qxc1 b5 14. Qc2
Qb6 15. Rc1 e5 16. dxe5 dxe5 17. Bg5 Qe6 18. Bxf6 Nxf6 19. b3 Rd8 20. Ne4 Nxe4
21. Bxe4 1/2-1/2

[Event "Waikato Open 2017"]
[Site "Hamilton NZL"]
[Date "2017.08.13"]
[Round "5"]
[White "Burns, Christopher J"]
[Black "Mistry, Prashant"]
[Result "0-1"]
[WhiteElo "1969"]
[BlackElo "2006"]
[PlyCount "132"]
[EventDate "2017.08.11"]

1. e4 e5 2. Nf3 Nc6 3. d4 exd4 4. Nxd4 Bc5 5. Be3 Qf6 6. Nb5 Bxe3 7. fxe3 Qd8
8. Qg4 Kf8 9. Qf4 d6 10. N1c3 a6 11. Nd4 Qf6 12. Nxc6 bxc6 13. Bd3 Qxf4 14.
exf4 Be6 15. O-O-O Nh6 16. h3 f6 17. b3 Nf7 18. Be2 h5 19. Bf3 Bd7 20. Rhf1 Ke7
21. Rd2 g5 22. f5 Ne5 23. Be2 Be8 24. Rd4 Bf7 25. Ra4 a5 26. Rd4 Rhb8 27. Rfd1
Rb4 28. g3 Rbb8 29. R4d2 g4 30. h4 Kf8 31. Bf1 Kg7 32. a4 Rb4 33. Re1 Rab8 34.
Na2 R4b6 35. Nc3 Nd7 36. Nd1 Nc5 37. Re3 Nxa4 38. Rd4 Nc5 39. Nb2 Bxb3 40. cxb3
Nxb3+ 41. Rxb3 Rxb3 42. Rd2 a4 43. Bc4 Rc3+ 44. Rc2 Rxc2+ 45. Kxc2 a3 46. Nd3
Kf8 47. Bb3 Rb5 48. Nf4 Ra5 49. Kb1 Ke7 50. Ka2 Rc5 51. Kxa3 Rc3 52. Kb2 Re3
53. Bc2 Rxg3 54. Kc1 c5 55. Kd2 c6 56. Bd3 d5 57. exd5 cxd5 58. Nxd5+ Kd6 59.
Nxf6 Rg2+ 60. Ke3 Rh2 61. Nxh5 Rh3+ 62. Ke4 Rxh4 63. Nf4 g3 64. Bf1 c4 65. Kf3
Rxf4+ 66. Kxf4 c3 0-1